Berichte zur Raumforschung und Raumplanung

Uložené v:
Podrobná bibliografia
Médium: Seriál
Jazyk:German
Vydavateľské údaje: Wien Österreichische Gesselschaft für Raumforschung und Raumplanung 1972
Tagy: Pridať tag
Žiadne tagy, Buďte prvý, kto otaguje tento záznam!

MARC

LEADER 00000nas2a2200000 4500
001 0007683
005 20250730114233.9
022 |a 0005-9102 
041 0 |a ger 
044 |a AT 
245 1 0 |a Berichte zur Raumforschung und Raumplanung 
264 1 |a Wien  |b Österreichische Gesselschaft für Raumforschung und Raumplanung  |c 1972 
300 |a 1 zv. 
773 0 |w eu_un_cat*0007682